000 00883nam a2200265 i 4500
003 DO-SdBNP
005 20240115130817.0
007 ta
008 240115b1942 dr ||||| |||| 00| 0 spa d
040 _aDO-SdBNP
_bspa
_cBNPHU
_erda
082 4 _222
110 2 _aUniversidad de Santo Domingo :
_bFacultad de Derecho
_984772
245 1 0 _aLey sobre prestamos estudio de la orden ejecutiva número 671 :
_btesis para el doctorado /
_cBr. Benigno T. Valerio Gutiérrez
264 _aCiudad Trujillo :
_bSindicato Nacional de Artes Gráficos,
_c1942.
300 _a66 páginas ;
_c22 cm.
336 _2rdacontent
_atexto
_btxt
337 _2rdamedia
_asin mediación
_bn
338 _2rdacarrier
_avolumen
_bnc
500 _aTesis
500 _aIncluye índice análico
504 _aBibliográfia : p.64
590 _aInventariada, 2024/BT
910 _aBtavárez
942 _2ddc
_cLBS1
999 _c55664
_d55664